Statistics for US State Capitals - No Hints

Click here to take the quiz!

General Stats

  • This quiz has been taken 1,431 times
  • The average score is 41 of 50

Answer Stats

StateCapital% Correct
CaliforniaSacramento
94%
New YorkAlbany
90%
TexasAustin
90%
AlaskaJuneau
90%
WashingtonOlympia
90%
GeorgiaAtlanta
89%
HawaiiHonolulu
87%
TennesseeNashville
87%
ArizonaPhoenix
87%
FloridaTallahassee
87%
North DakotaBismarck
86%
ColoradoDenver
86%
LouisianaBaton Rouge
85%
IdahoBoise
85%
OhioColumbus
85%
AlabamaMontgomery
84%
OregonSalem
84%
MaineAugusta
83%
NevadaCarson City
83%
WyomingCheyenne
83%
MontanaHelena
83%
IndianaIndianapolis
83%
MississippiJackson
83%
MissouriJefferson City
83%
WisconsinMadison
83%
OklahomaOklahoma City
83%
MassachusettsBoston
82%
West VirginiaCharleston
82%
DelawareDover
82%
UtahSalt Lake City
82%
South CarolinaColumbia
81%
MichiganLansing
81%
NebraskaLincoln
81%
IllinoisSpringfield
81%
ArkansasLittle Rock
80%
South DakotaPierre
80%
Rhode IslandProvidence
80%
North CarolinaRaleigh
80%
MinnesotaSaint Paul
80%
MarylandAnnapolis
79%
IowaDes Moines
79%
ConnecticutHartford
79%
VirginiaRichmond
79%
New JerseyTrenton
79%
KentuckyFrankfort
78%
New MexicoSanta Fe
78%
PennsylvaniaHarrisburg
77%
KansasTopeka
77%
New HampshireConcord
75%
VermontMontpelier
74%

Score Distribution

Percentile by Number Answered

Percent of People with Each Score

Your Score History

You have not taken this quiz